[Event "2024 British Rapidplay Championship"]
[Site "Holiday Inn Peterborough - West"]
[Date "2024.03.03"]
[Round "8.79"]
[White "Mohamed Nasrudeen Meeran, Muiz Ul Meeran"]
[Black "Fairhurst, Frederick"]
[Result "0-1"]
[WhiteFideId "343423744"]
[BlackFideId "343425682"]
[WhiteElo "1642"]
[BlackElo "1600"]
[EventDate "2024.03.02"]

1. e4 c6 2. d4 d5 3. exd5 cxd5 4. Bd3 Nf6 5. h3 Nc6 6. c3 e5 7. dxe5 Nxe5 8. Nf3
Nxd3+ 9. Qxd3 Bd6 10. O-O O-O 11. Bg5 Be6 12. Re1 h6 13. Be3 Qd7 14. Bd4 Ne4 15.
Nbd2 Bf5 16. Qe3 Rfe8 17. Nxe4 Bxe4 18. Nh2 Bxg2 19. Qd3 Qxh3 20. Qxh3 Bxh3 21. Be3
Re6 22. Red1 Rg6+ 23. Bg5 Bxh2+ 24. Kxh2 Bg4 25. Rxd5 Rxg5 26. Rxg5 hxg5 27. Kg3
Be6 28. a3 Rd8 29. b4 Kf8 30. a4 Rd3+ 31. Kh2 Rh3+ 32. Kg2 Rxc3 33. Rb1 Bd5+ 34.
Kf1 Rh3 35. Rb2 Bf3 36. Ke1 Rh1+ 37. Kd2 Rh2 38. Ke3 g4 39. Rc2 Rh3 40. Kd2 Ke7 41.
Rc7+ Ke6 42. Ke1 Bc6 43. b5 Rh1+ 44. Kd2 Bd5 45. Rc3 Rh3 46. Rc1 g3 47. fxg3 Rxg3
48. Re1+ Kd6 49. Re3 Rxe3 50. Kxe3 b6 51. Kd4 Bb3 52. a5 bxa5 53. Kc3 Ba4 54. b6
axb6 55. Kc4 g5 56. Kd3 b5 57. Ke3 b4 58. Kd4 g4 59. Ke4 b3 60. Kf4 b2 61. Kxg4 b1=Q
62. Kf3 Bc6+ 63. Ke3 Qd1 64. Kf2 a4 65. Kg3 Qf1 66. Kh4 Qg2 67. Kh5 a3 68. Kh6 a2
69. Kh7 a1=Q 70. Kh6 Qh8 0-1

[Event "2024 British Rapidplay Championship"]
[Site "Holiday Inn Peterborough - West"]
[Date "2024.03.03"]
[Round "8.80"]
[White "Veeturi, Yashvardhan"]
[Black "Herring, Tim JC"]
[Result "1-0"]
[WhiteFideId "343402496"]
[BlackFideId "429775"]
[WhiteElo "1642"]
[BlackElo "1755"]
[EventDate "2024.03.02"]

1. e4 d5 2. exd5 Qxd5 3. Nf3 Bg4 4. Be2 Nf6 5. h3 Bh5 6. Nc3 Qa5 7. O-O e6 8. d4
Bd6 9. Bd2 Qb6 10. Na4 Qc6 11. c4 Ne4 12. Nc3 Nxd2 13. Qxd2 Qd7 14. c5 Bxf3 15. Bxf3
Bxc5 16. Bxb7 Bxd4 17. Bxa8 c6 18. Rad1 e5 19. Ne2 c5 20. b4 O-O 21. bxc5 Na6 22.
Bf3 Rd8 23. Nxd4 exd4 24. c6 Qd6 25. Qa5 Nc7 26. Rfe1 a6 27. Re4 d3 28. Re3 d2 29.
Re2 Qf4 30. Rexd2 Rxd2 31. Qxd2 Qxd2 32. Rxd2 g6 33. Rd7 Nb5 34. Be2 1-0

[Event "2024 British Rapidplay Championship"]
[Site "Holiday Inn Peterborough - West"]
[Date "2024.03.03"]
[Round "8.81"]
[White "Kairat, Alexander"]
[Black "Ferris, Oliver"]
[Result "1/2-1/2"]
[WhiteFideId "498629"]
[BlackFideId "343400850"]
[WhiteElo "1723"]
[BlackElo "1546"]
[EventDate "2024.03.02"]

1. e4 e5 2. Nf3 Nc6 3. Nc3 Bb4 4. Bc4 Nf6 5. d3 d6 6. Ng5 O-O 7. O-O h6 8. Nf3 Bg4
9. Be3 Qd7 10. Nd5 Nxd5 11. Bxd5 Ba5 12. c3 Rab8 13. a4 Bb6 14. b4 Bxe3 15. fxe3
Ne7 16. Bb3 c6 17. Ba2 Ng6 18. Qe1 Be6 19. Bxe6 fxe6 20. Nh4 Nxh4 21. Qxh4 a6 22.
c4 Rxf1+ 23. Rxf1 Rf8 24. Rxf8+ Kxf8 25. Qf2+ Qf7 26. Qxf7+ Kxf7 27. Kf2 Kf6 28.
Kf3 g6 29. d4 b6 30. h4 b5 31. cxb5 cxb5 32. a5 h5 33. g4 d5 34. g5+ Ke7 35. dxe5
dxe4+ 36. Kxe4 Kd7 37. Kd3 Kc7 38. Kc3 Kd7 39. Kd3 Kc7 40. Ke4 Kd7 41. Kd4 Kc6 42.
Ke4 Kd7 43. Kd4 Kc6 44. e4 Kd7 45. Ke3 Kc7 46. Kd2 Kd7 47. Kd3 Kc7 48. Kc3 Kd7 49.
Kd4 Kc6 50. Kd3 Kd7 51. Ke2 Kc6 1/2-1/2

[Event "2024 British Rapidplay Championship"]
[Site "Holiday Inn Peterborough - West"]
[Date "2024.03.03"]
[Round "8.82"]
[White "Brown, Chris"]
[Black "Smith, Andrew PE"]
[Result "0-1"]
[WhiteFideId "343412343"]
[BlackFideId "469793"]
[WhiteElo "1623"]
[BlackElo "1645"]
[EventDate "2024.03.02"]

1. e4 e6 2. d3 d5 3. Nd2 c5 4. Ngf3 Nc6 5. g3 Nf6 6. Bg2 Be7 7. O-O O-O 8. Re1 b5
9. e5 Nd7 10. Nf1 a5 11. h4 Ba6 12. N1h2 b4 13. Bf4 c4 14. d4 a4 15. c3 bxc3 16.
bxc3 Qa5 17. Qc2 Rfb8 18. Bg5 a3 19. Rab1 Nb6 20. Ng4 Na4 21. Bxe7 Nxe7 22. Ng5 Nf5
23. Bxd5 Qxd5 24. Rxb8+ Rxb8 25. Qxa4 Bb7 26. Rb1 Qh1# 0-1

[Event "2024 British Rapidplay Championship"]
[Site "Holiday Inn Peterborough - West"]
[Date "2024.03.03"]
[Round "8.83"]
[White "Jacklin, Sam"]
[Black "Dupuis, Daniel"]
[Result "1-0"]
[WhiteFideId "343414850"]
[BlackFideId "343410529"]
[WhiteElo "1723"]
[BlackElo "1542"]
[EventDate "2024.03.02"]

1. d4 c6 2. c4 d5 3. Nc3 Nf6 4. e3 Bf5 5. Qb3 Qd7 6. Nf3 e6 7. Ne5 Qc7 8. cxd5 Nxd5
9. Be2 Bb4 10. O-O Bxc3 11. bxc3 Nd7 12. Nxd7 Qxd7 13. Ba3 Ne7 14. Qb4 Nd5 15. Qb3
Ne7 16. f3 O-O 17. e4 Bg6 18. Rab1 Rab8 19. Qb4 Rfe8 20. Rb2 f5 21. Bd3 Kh8 22. Rfb1
e5 23. Qd6 Qc8 24. Ba6 exd4 25. Rxb7 Rxb7 26. Rxb7 Qd8 27. Rxe7 Qxe7 28. Qxe7 Rxe7
29. Bxe7 dxc3 30. Bd3 fxe4 31. fxe4 Kg8 32. Bb4 Kf7 33. Bxc3 h6 34. Kf2 Bh7 35. Ke3
g5 36. a4 c5 37. Be5 Ke6 38. Bb8 Bg8 39. Bxa7 Kd6 40. a5 c4 41. Bc2 Kc6 42. Kd4 Kb5
43. Bb6 h5 44. e5 h4 45. h3 Be6 46. Bd8 g4 47. hxg4 Bxg4 48. Bxh4 Be6 49. Be1 Bg8
50. g4 Bf7 51. g5 Be6 52. g6 Bg8 53. g7 Kc6 54. Ba4+ Kb7 55. Bb5 Kc7 56. Bxc4 1-0

[Event "2024 British Rapidplay Championship"]
[Site "Holiday Inn Peterborough - West"]
[Date "2024.03.03"]
[Round "8.84"]
[White "Railwani, Tavish"]
[Black "Mehta, Zara"]
[Result "1-0"]
[WhiteFideId "2410249"]
[BlackFideId "343401236"]
[WhiteElo "1714"]
[BlackElo "1125"]
[EventDate "2024.03.02"]

1. e4 e5 2. Nf3 Nc6 3. Bc4 h6 4. O-O Nf6 5. d3 Bc5 6. Nc3 O-O 7. Be3 Bb6 8. d4 Re8
9. d5 Na5 10. Be2 c5 11. a3 Qe7 12. Rb1 Ng4 13. b4 cxb4 14. Bxb6 axb6 15. axb4 Qf6
16. bxa5 Rxa5 17. h3 d6 18. hxg4 Bxg4 19. Nh2 Bxe2 20. Qxe2 Qg6 21. Qg4 Qf6 22. Rxb6
Rc8 23. Nb5 Rxc2 24. Nxd6 Qe7 25. Nf5 Qg5 26. Qxg5 hxg5 27. Nf3 Ra7 28. Nxg5 Rca2
29. Rd6 Ra8 30. Rd7 R2a7 31. Rxf7 Kh8 32. Rxg7 b5 33. Nf7+ Rxf7 34. Rxf7 Rg8 35.
Rb7 b4 36. Ng3 b3 37. Nh5 b2 38. Nf6 Rg7 39. Rb8+ Rg8 40. Rxg8# 1-0

[Event "2024 British Rapidplay Championship"]
[Site "Holiday Inn Peterborough - West"]
[Date "2024.03.03"]
[Round "8.85"]
[White "Darbost, Fabien"]
[Black "Stokes, Richard"]
[Result "1/2-1/2"]
[WhiteFideId "343407200"]
[BlackFideId "432628"]
[WhiteElo "1615"]
[BlackElo "1692"]
[EventDate "2024.03.02"]

1. d4 d5 2. c4 e5 3. dxe5 d4 4. e3 Bb4+ 5. Bd2 dxe3 6. fxe3 Qh4+ 7. g3 Bxd2+ 8. Qxd2
Qe4 9. Bg2 Qxe5 10. Nc3 Nf6 11. Qd4 Qxd4 12. exd4 O-O 13. O-O-O c6 14. Nf3 Nbd7 15.
d5 cxd5 16. cxd5 Nb6 17. Rd2 Nc4 18. Rd3 Bf5 19. Rd4 Rac8 20. Nh4 Bg6 21. d6 b5 22.
d7 Nxd7 23. Nxg6 hxg6 24. Bh3 Rfd8 25. Rxd7 Rxd7 26. Bxd7 Rc5 27. Bxb5 Ne5 28. Re1
Nf3 29. Re3 Nd4 30. Bf1 a5 31. a3 Nb3+ 32. Kc2 Nd4+ 33. Kd3 Nf5 34. Re8+ Kh7 35.
Ne4 Rc1 36. Be2 Rc7 37. Bg4 Rd7+ 38. Ke2 Rb7 39. Bxf5 gxf5 40. Ng5+ Kg6 41. Nf3 Rxb2+
42. Nd2 Ra2 43. Re3 f6 44. h3 a4 45. Ke1 Ra1+ 46. Kf2 Ra2 47. Ke2 Kg5 48. Rd3 g6
49. Rd4 Rxa3 50. Kd1 Rxg3 51. Rxa4 Rxh3 52. Kc2 f4 53. Ne4+ Kf5 54. Kd1 f3 55. Ke1
g5 56. Kf2 g4 57. Ng3+ Ke5 1/2-1/2

[Event "2024 British Rapidplay Championship"]
[Site "Holiday Inn Peterborough - West"]
[Date "2024.03.03"]
[Round "8.86"]
[White "Ebbutt, Samuel"]
[Black "Amir, Zain"]
[Result "0-1"]
[WhiteFideId "343421644"]
[BlackFideId "473227"]
[WhiteElo "1521"]
[BlackElo "1689"]
[EventDate "2024.03.02"]

1. d4 Nc6 2. Nf3 d6 3. c4 Nf6 4. Bg5 Bg4 5. e3 e5 6. Be2 exd4 7. Nxd4 Bxe2 8. Qxe2
Ne5 9. O-O Be7 10. Bxf6 Bxf6 11. Nc3 Qd7 12. Ne4 Be7 13. Rfd1 Nc6 14. Nc3 O-O 15.
Nd5 Nxd4 16. Rxd4 Rac8 17. Qf3 c6 18. Nxe7+ Qxe7 19. Rad1 Rfd8 20. h3 Rc7 21. Qg3
Rcd7 22. Rg4 Qe5 23. Rd2 Qxg3 24. Rxg3 d5 25. Rg4 dxc4 26. Rxd7 Rxd7 27. Rxc4 Rd1+
28. Kh2 Rd2 29. Rd4 Rxd4 30. exd4 f6 31. Kg3 Kf7 32. Kf4 Ke6 33. Ke4 f5+ 34. Kd3
Kd5 35. f4 a5 36. a4 b5 37. b3 h6 38. g3 h5 39. h4 g6 40. axb5 cxb5 41. Kc3 a4 42.
bxa4 0-1

[Event "2024 British Rapidplay Championship"]
[Site "Holiday Inn Peterborough - West"]
[Date "2024.03.03"]
[Round "8.87"]
[White "Bellano, Harry"]
[Black "Bennet, Freddie"]
[Result "1-0"]
[WhiteFideId "343430015"]
[BlackFideId "343437133"]
[WhiteElo "1632"]
[BlackElo "1460"]
[EventDate "2024.03.02"]

1. e4 c6 2. d4 d5 3. f3 e6 4. Bf4 c5 5. Bb5+ Bd7 6. Bxd7+ Qxd7 7. c3 Nc6 8. exd5
Qxd5 9. Ne2 Rd8 10. Qa4 cxd4 11. cxd4 Bd6 12. Nbc3 Qa5 13. Qxa5 Nxa5 14. Bxd6 Rxd6
15. Nb5 Rb6 16. Nxa7 Ne7 17. b3 Ra6 18. Nb5 Nxb3 19. Nc7+ Kd7 20. Nxa6 Nxa1 21. Nc5+
Kc6 22. Kd2 Rd8 23. Rxa1 e5 24. Rc1 Kb6 25. Rb1+ Kc6 26. Rxb7 Nf5 27. Rxf7 Nxd4 28.
Ne4 Nxf3+ 29. Ke3 Nd4 30. Nxd4+ exd4+ 31. Kd3 1-0

[Event "2024 British Rapidplay Championship"]
[Site "Holiday Inn Peterborough - West"]
[Date "2024.03.03"]
[Round "8.88"]
[White "Middleton, Tom"]
[Black "Brookbanks, Alan"]
[Result "1-0"]
[WhiteFideId "402834"]
[BlackFideId "343443389"]
[WhiteElo "1947"]
[BlackElo "1569"]
[EventDate "2024.03.02"]

1. e4 e5 2. Nc3 Nf6 3. f4 d6 4. Nf3 Bg4 5. h3 Bxf3 6. Qxf3 Be7 7. Bc4 O-O 8. d3 c6
9. Be3 Nbd7 10. a3 Nb6 11. Ba2 Nfd7 12. O-O exf4 13. Qxf4 Nf6 14. Qf3 Nbd7 15. d4
c5 16. dxc5 dxc5 17. Rad1 Qc7 18. Bf4 Qc6 19. e5 Qxf3 20. Rxf3 Nb6 21. exf6 Bxf6
22. Be3 Be7 23. Nd5 Nxd5 24. Rxd5 b6 25. Rdf5 Bf6 26. c3 Rad8 27. Rf1 Rd3 28. Bg5
Bxg5 29. Rxg5 g6 30. Rd5 Rxd5 31. Bxd5 Kg7 32. Re1 Kf6 33. Kf2 h5 34. Bc6 Rd8 35.
Ke2 Kg5 36. Rd1 Rc8 37. Bd7 Rc7 38. Kf3 h4 39. Bb5 f5 40. Rd7 Rc8 41. Rxa7 Rd8 42.
Rd7 Re8 43. Rd1 Re4 44. Bd3 Rf4+ 45. Ke2 Kh5 46. Rf1 Ra4 47. Bc2 Ra8 48. Kf2 Re8
49. Re1 Rd8 50. Rd1 Re8 51. Rd6 b5 52. Rd5 Rc8 53. Bd3 c4 54. Bc2 Rb8 55. Bd1+ Kg5
56. Bf3 Kf6 57. Ke3 g5 58. Kd4 Ke6 59. Re5+ Kf6 60. Re2 Rd8+ 61. Kc5 Rb8 62. Bc6
g4 63. Bxb5 Rc8+ 64. Kb4 g3 65. Bxc4 Rd8 66. Kc5 f4 67. Bd5 Kg5 68. Bf3 Kf5 69. b4
Rd3 70. Kc4 Rd8 71. a4 Rc8+ 72. Kb3 Rd8 73. a5 Rd1 74. a6 Rb1+ 75. Kc4 Ra1 76. b5
Ra4+ 77. Kc5 Kf6 78. b6 Rxa6 79. b7 Ra5+ 80. Kb6 Ra1 81. b8=Q Rb1+ 82. Kc7 Rxb8 83.
Kxb8 Kf5 84. c4 Kf6 85. c5 Kf7 86. c6 Kf6 87. c7 Kf7 88. c8=Q Kf6 89. Qe6+ Kg5 90.
Re5# 1-0

[Event "2024 British Rapidplay Championship"]
[Site "Holiday Inn Peterborough - West"]
[Date "2024.03.03"]
[Round "8.89"]
[White "Nezis, Anastasios"]
[Black "Yu, Robin"]
[Result "1-0"]
[WhiteFideId "424471"]
[BlackFideId "343401333"]
[WhiteElo "1912"]
[BlackElo "1554"]
[EventDate "2024.03.02"]

1. Nf3 d5 2. c4 c6 3. b3 d4 4. Bb2 c5 5. e3 Nc6 6. g3 e5 7. exd4 cxd4 8. d3 Bb4+
9. Nbd2 Qa5 10. a3 Bxd2+ 11. Nxd2 Bf5 12. Qf3 Nge7 13. Bg2 O-O 14. b4 Qc7 15. Ne4
h6 16. h3 Rab8 17. O-O b6 18. Kh2 Bh7 19. Qg4 Bf5 20. Qe2 Nd8 21. f4 f6 22. c5 Ne6
23. Nd6 Bh7 24. fxe5 fxe5 25. Qxe5 Ng5 26. Bxd4 Ng6 27. Bd5+ Kh8 28. Qe3 Ne7 29.
Be4 Nxe4 30. dxe4 bxc5 31. bxc5 Nc6 32. Rab1 Rxf1 33. Rxf1 Nxd4 34. Qxd4 Bg8 35.
Qe5 Qa5 36. Rf2 Rd8 37. Nf5 Rd7 38. Nxh6 Qc7 39. Qxc7 Rxc7 40. Nxg8 Kxg8 41. Rc2
Kf7 42. Kg2 Ke6 43. Kf3 Ke5 44. Ke3 a5 45. c6 g5 46. Rc5+ Kd6 47. Rxg5 Kxc6 1-0

[Event "2024 British Rapidplay Championship"]
[Site "Holiday Inn Peterborough - West"]
[Date "2024.03.03"]
[Round "8.90"]
[White "Borgars, Alan"]
[Black "Letton, Rob"]
[Result "0-1"]
[WhiteFideId "343433880"]
[BlackFideId "464384"]
[WhiteElo "1522"]
[BlackElo "1722"]
[EventDate "2024.03.02"]

1. d4 c6 2. Nf3 d5 3. Nc3 Nf6 4. Bf4 e6 5. e3 Qa5 6. a3 Ne4 7. Qd3 Bb4 8. Nd2 Nxc3
9. bxc3 Bxc3 10. Rb1 Nd7 11. Rb3 Bxd2+ 12. Qxd2 Qxd2+ 13. Kxd2 b5 14. Bd3 Nb6 15.
e4 Nc4+ 16. Kc1 O-O 17. exd5 exd5 18. h4 Bd7 19. h5 h6 20. f3 a5 21. g4 a4 22. Rb4
f5 23. g5 Kh7 24. gxh6 gxh6 25. Rg1 Rg8 26. Re1 Rae8 27. Rxe8 Rxe8 28. Bxc4 dxc4
29. Kd2 Rg8 30. Ke3 Rg1 31. Kf2 Ra1 32. Bd6 Ra2 33. Ke3 Rxc2 34. Kf4 Rh2 35. Rb1
Rxh5 36. Re1 Rg5 37. Bb4 Rg7 38. Rh1 Rg6 39. Re1 Re6 40. Rh1 Kg7 41. Rg1+ Rg6 42.
Re1 Re6 43. Rg1+ Kf7 44. Rh1 Kg7 45. Rg1+ Kh7 46. Rh1 Re2 47. Re1 Rxe1 48. Bxe1 Kg6
49. Bb4 Be6 50. Kg3 Bd5 51. f4 Be4 52. Bd2 Kh5 53. Bb4 Kg6 54. Kh4 Bf3 55. Kg3 Bg4
56. Bd2 Kf7 57. Bb4 Ke6 58. Kf2 h5 59. Ke3 h4 60. Be1 h3 61. Bg3 Kd5 62. Bh2 c3 63.
Kd3 c2 64. Kxc2 Kxd4 65. Bg3 c5 66. Bf2+ Kc4 67. Bg1 b4 68. axb4 cxb4 0-1

[Event "2024 British Rapidplay Championship"]
[Site "Holiday Inn Peterborough - West"]
[Date "2024.03.03"]
[Round "8.91"]
[White "Mohammed Sharifdeen, Mohamed Nasrudeen Meeran"]
[Black "Zajaczkowski, Marek"]
[Result "0-1"]
[WhiteFideId "343423736"]
[BlackFideId "343410685"]
[WhiteElo "1551"]
[BlackElo "1672"]
[EventDate "2024.03.02"]

1. e4 Nf6 2. Nc3 d5 3. Bb5+ c6 4. Bd3 dxe4 5. Nxe4 Nxe4 6. Bxe4 g6 7. Ne2 Bg7 8.
c3 O-O 9. O-O Bg4 10. Re1 Nd7 11. Qb3 Nc5 12. Qc2 Nxe4 13. Qxe4 Bf5 14. Qe3 Re8 15.
Ng3 Bc2 16. d4 e5 17. Qd2 Ba4 18. c4 Qxd4 19. Qxd4 exd4 20. Rxe8+ Rxe8 21. b3 Re1+
22. Nf1 d3 23. Bb2 Rxa1 24. Bxa1 Bxa1 25. Ne3 Bd4 26. Nd1 b5 27. cxb5 Bxb5 0-1

[Event "2024 British Rapidplay Championship"]
[Site "Holiday Inn Peterborough - West"]
[Date "2024.03.03"]
[Round "8.92"]
[White "Broomfield, Daniel"]
[Black "Waterman, Nick I"]
[Result "1-0"]
[WhiteFideId "343110840"]
[BlackFideId "443123"]
[WhiteElo "1519"]
[BlackElo "1667"]
[EventDate "2024.03.02"]

1. e4 e6 2. d4 d5 3. Bd3 Nf6 4. e5 Nfd7 5. Nf3 c5 6. c3 Nc6 7. O-O cxd4 8. cxd4 Be7
9. Nc3 a6 10. a3 f6 11. Re1 Qc7 12. exf6 Nxf6 13. Bg5 O-O 14. Qc2 h6 15. Bxf6 Bxf6
16. Bh7+ Kh8 17. Rad1 Bd7 18. Ne2 Qd6 19. Ng3 Rac8 20. Qb1 Rce8 21. Bg6 Re7 22. Nh5
b5 23. Nxf6 Rxf6 24. Ne5 Be8 25. Bxe8 Rxe8 26. Nxc6 Qxc6 27. Rc1 Qd7 28. Rc2 Rc8
29. Rec1 Rxc2 30. Rxc2 Rf8 31. h3 Rc8 32. Qc1 Rc4 33. Rxc4 dxc4 34. Qe3 Kg8 35. Kf1
Qd6 36. Ke2 Kf7 37. Qe5 Qxe5+ 38. dxe5 Kg6 39. f4 Kf5 40. Ke3 a5 41. g4+ Kg6 42.
f5+ Kf7 43. Kd4 exf5 44. gxf5 g5 45. Kd5 h5 46. Kd6 b4 47. axb4 axb4 48. e6+ Ke8
49. f6 c3 50. f7+ Kf8 51. bxc3 bxc3 52. Kd7 c2 53. e7+ Kxf7 54. e8=Q Kf6 55. Qc8
1-0

[Event "2024 British Rapidplay Championship"]
[Site "Holiday Inn Peterborough - West"]
[Date "2024.03.03"]
[Round "8.93"]
[White "Sriram, Gautam"]
[Black "Wainwright, Charlie"]
[Result "0-1"]
[WhiteFideId "498491"]
[BlackFideId "343426310"]
[WhiteElo "1480"]
[BlackElo "1632"]
[EventDate "2024.03.02"]

1. e4 e6 2. d4 d5 3. exd5 exd5 4. Bd3 Nf6 5. Nf3 Bd6 6. Qe2+ Qe7 7. Qxe7+ Bxe7 8.
O-O O-O 9. Re1 Bd6 10. Bg5 Nbd7 11. c3 h6 12. Bh4 c6 13. Nbd2 b6 14. Bg3 Bxg3 15.
hxg3 c5 16. Re2 Bb7 17. Rae1 Rfe8 18. Ne5 Nxe5 19. Rxe5 Rxe5 20. Rxe5 Re8 21. Rxe8+
Nxe8 22. dxc5 bxc5 23. Nf3 Nd6 24. Ne5 f6 25. Nf3 Kf7 26. Kf1 Ke6 27. Ke2 g5 28.
g4 Bc6 29. a3 Bd7 30. Nd2 Ke5 31. Kf3 d4 32. cxd4+ Kxd4 33. Bc2 Bc6+ 34. Kg3 Ne4+
35. Nxe4 Bxe4 36. Ba4 a5 37. f3 Bd5 38. Kf2 Kd3 39. Kf1 Ke3 40. Ke1 Bxf3 41. gxf3
Kxf3 42. Kf1 Kxg4 43. Kg2 Kf4 44. Kf2 h5 45. Kg2 h4 46. Bd7 f5 47. Be6 g4 48. b3
Kg5 49. a4 f4 50. Bd5 f3+ 51. Kg1 Kf4 52. Kf1 g3 53. Be6 Ke3 54. Bh3 Kf4 55. Kg1
Ke3 56. Kf1 0-1

[Event "2024 British Rapidplay Championship"]
[Site "Holiday Inn Peterborough - West"]
[Date "2024.03.03"]
[Round "8.94"]
[White "Chedd, Neil"]
[Black "Suganya, Yugan"]
[Result "1-0"]
[WhiteFideId "343422853"]
[BlackFideId "343442676"]
[WhiteElo "1603"]
[BlackElo "1400"]
[EventDate "2024.03.02"]

1. d4 Nf6 2. e3 d6 3. Bd3 g6 4. Nf3 Bg7 5. O-O O-O 6. Nbd2 Nc6 7. a3 Re8 8. b4 a6
9. Bb2 e5 10. dxe5 dxe5 11. e4 b5 12. Nb3 Bg4 13. h3 Bxf3 14. Qxf3 Nh5 15. g3 Qf6
16. Qxf6 Bxf6 17. c4 bxc4 18. Bxc4 Nb8 19. Rfd1 Ng7 20. Rd3 Ne6 21. Rad1 Nc6 22.
Bd5 Ned8 23. Rc1 Nxb4 24. axb4 Rb8 25. Rxc7 Rxb4 26. Ba3 Rb5 27. Nc5 Rb1+ 28. Kg2
Ra1 29. Nxa6 Kg7 30. Nc5 Rb1 31. Bc4 Be7 32. Rxd8 Bxd8 33. Rxf7+ Kh6 34. Nd7 Ra1
35. Bf8+ Kh5 36. Be2+ Kg5 37. h4# 1-0

[Event "2024 British Rapidplay Championship"]
[Site "Holiday Inn Peterborough - West"]
[Date "2024.03.03"]
[Round "8.95"]
[White "Casti, Cristina"]
[Black "Rogowski, Rafal"]
[Result "1-0"]
[WhiteFideId "2819045"]
[BlackFideId "343415970"]
[WhiteElo "1495"]
[BlackElo "1591"]
[EventDate "2024.03.02"]

1. f4 d5 2. Nf3 c5 3. b3 g6 4. Bb2 Nf6 5. d4 Bg7 6. Nbd2 O-O 7. e3 Nc6 8. Bd3 cxd4
9. Nxd4 Ng4 10. Qf3 Nxd4 11. Bxd4 e5 12. fxe5 Nxe5 13. Bxe5 Bxe5 14. Rd1 h5 15. Qf2
Bg4 16. Nf3 Bc3+ 17. Ke2 Re8 18. h3 Bd7 19. Qg3 Qe7 20. Ng5 Be5 21. Qh4 Bf4 22. Qxf4
Rad8 23. Rhf1 f5 24. Kf2 Bc6 25. Rfe1 Rd6 26. Nf3 Kg7 27. Kg1 Re6 28. Kf2 Qf6 29.
Nd4 R6e7 30. Qg3 Re5 31. Re2 R5e7 32. Rde1 Re5 33. Kg1 R5e7 34. Rf1 Kh7 35. h4 Re5
36. Nf3 R5e7 37. Ng5+ Kh8 38. Nh3 Kh7 39. Nf4 Re5 40. Rf3 R5e7 41. Ref2 Re5 42. Nh3
R8e7 43. Ng5+ Kh8 44. Qf4 Kg7 45. Rg3 Re8 46. Nh3 Kh7 47. Re2 R8e7 48. Rg5 Re8 49.
Qg3 Rg8 50. Nf4 Rg7 51. Qf2 a6 52. c4 dxc4 53. Bxc4 b5 54. Bd3 Qd6 55. Qg3 Bb7 1-0

[Event "2024 British Rapidplay Championship"]
[Site "Holiday Inn Peterborough - West"]
[Date "2024.03.03"]
[Round "8.96"]
[White "Keshari, Rohit"]
[Black "Graeme, Matthew"]
[Result "1-0"]
[WhiteFideId "497088"]
[BlackFideId "343442501"]
[WhiteElo "1590"]
[BlackElo "1156"]
[EventDate "2024.03.02"]

1. d4 f5 2. f4 Nf6 3. Nf3 d5 4. e3 e6 5. Bd3 c5 6. c3 Be7 7. Nbd2 O-O 8. b3 Nc6 9.
O-O b6 10. Ne5 Nxe5 11. fxe5 Ne4 12. Nxe4 dxe4 13. Bc4 Bg5 14. d5 Qc7 15. d6 Qf7
16. Bb5 Bd7 17. Bxd7 Qxd7 18. Qh5 h6 19. h4 Bd8 20. Bb2 b5 21. c4 a5 22. Rac1 a4
23. g3 axb3 24. axb3 Ra2 25. Rf2 bxc4 26. bxc4 Qa4 27. Qd1 Qb4 28. Ba1 Rxf2 29. Kxf2
Qa3 30. Qc2 f4 31. exf4 Bxh4 32. Qc3 Rxf4+ 33. Kg2 Qa2+ 34. Rc2 1-0

[Event "2024 British Rapidplay Championship"]
[Site "Holiday Inn Peterborough - West"]
[Date "2024.03.03"]
[Round "8.97"]
[White "Mehta, Hatle"]
[Black "Mouskos, Mia"]
[Result "0-1"]
[WhiteFideId "488003"]
[BlackFideId "488380"]
[WhiteElo "1447"]
[BlackElo "1539"]
[EventDate "2024.03.02"]

1. d4 d5 2. Bf4 Nf6 3. e3 c5 4. c3 Nc6 5. Nf3 e6 6. Nbd2 Be7 7. Bb5 O-O 8. Bxc6 bxc6
9. Ne5 Qb6 10. Qb3 Qa6 11. Qa3 Qxa3 12. bxa3 cxd4 13. cxd4 Bd7 14. Nxd7 Nxd7 15.
a4 c5 16. Nb3 cxd4 17. exd4 Nb6 18. a5 Nc4 19. O-O Rac8 20. g3 Bb4 21. Rfc1 Nxa5
22. Rxc8 Rxc8 23. Nxa5 Bxa5 24. Rb1 Bb6 25. Be3 Rc2 26. a3 Rc3 27. a4 h6 28. Rb4
Kf8 29. Kg2 Ke7 30. Kf3 Kd6 31. h4 Kc6 32. g4 a5 33. Rb1 Bxd4 34. Re1 Bxe3 35. fxe3
Ra3 36. Rc1+ Kd7 37. g5 hxg5 38. hxg5 Rxa4 39. Rb1 Rb4 40. Ra1 a4 41. Ra3 Kc6 42.
Rc3+ Kb6 43. Rc8 d4 44. Rb8+ Kc5 45. exd4+ Rxd4 46. Rc8+ Kd5 47. Rd8+ Ke5 48. Rf8
Rf4+ 49. Ke3 a3 50. Ra8 Rh4 51. Ra5+ Kd6 52. Ra6+ Kc7 53. Ra7+ Kb6 54. Rxf7 a2 55.
Rf1 Rg4 56. Ra1 Rg3+ 57. Kf4 Ra3 58. Ke4 Kc5 59. Ke5 Kc4 60. Kxe6 Kb3 61. Kf7 Ra5
62. g6 Ra7+ 63. Kg8 Kc4 64. Rf1 Kd5 65. Rf7 Ra8+ 66. Kh7 a1=Q 67. Rxg7 Qh1# 0-1

[Event "2024 British Rapidplay Championship"]
[Site "Holiday Inn Peterborough - West"]
[Date "2024.03.03"]
[Round "8.99"]
[White "Halpin, David"]
[Black "Zeynalli, Nial"]
[Result "0-1"]
[WhiteFideId "343403484"]
[BlackFideId "343404332"]
[WhiteElo "1371"]
[BlackElo "1527"]
[EventDate "2024.03.02"]

1. e4 c5 2. Nc3 Nc6 3. Nf3 d6 4. Bb5 Bd7 5. Bxc6 Bxc6 6. d3 Nf6 7. O-O g6 8. Re1
Qc7 9. d4 cxd4 10. Nxd4 Bg7 11. a3 Nd7 12. b4 O-O 13. b5 Bxb5 14. Ncxb5 Qb6 15. c4
a6 16. Be3 axb5 17. cxb5 Nc5 18. f3 Qc7 19. a4 b6 20. Ra3 Rfc8 21. Nc6 Qd7 22. Bxc5
bxc5 23. f4 e6 24. e5 d5 25. a5 Bf8 26. a6 c4 27. Kh1 Bxa3 0-1

[Event "2024 British Rapidplay Championship"]
[Site "Holiday Inn Peterborough - West"]
[Date "2024.03.03"]
[Round "8.100"]
[White "Butler, Rene"]
[Black "Kulibaev, Richard"]
[Result "1/2-1/2"]
[WhiteFideId "486922"]
[BlackFideId "343406050"]
[WhiteElo "1497"]
[BlackElo "1503"]
[EventDate "2024.03.02"]

1. b4 e5 2. Bb2 Nc6 3. b5 Nd4 4. e3 Ne6 5. Bxe5 d6 6. Bb2 d5 7. c4 Nf6 8. cxd5 Nxd5
9. Nc3 Nxc3 10. Bxc3 Be7 11. Be2 O-O 12. Nf3 Qd7 13. O-O Rd8 14. Ne5 Qd6 15. Bc4
Bf6 16. Bxe6 Bxe6 17. Nf3 Bxc3 18. dxc3 Qb6 19. Qc2 Qxb5 20. Nd4 Qd7 21. Rfd1 Qe7
22. Nxe6 Qxe6 23. h3 h6 24. Rd3 Rxd3 25. Qxd3 Re8 26. Qb5 b6 27. Rd1 a5 28. Rd7 c6
29. Qd3 Qxa2 30. Rd8 Qe6 31. Rd4 b5 32. Rg4 Qf6 33. Rf4 Qg6 34. Qd7 Rf8 35. Rg4 Qf6
36. Rd4 Qe5 37. Qxc6 1/2-1/2

[Event "2024 British Rapidplay Championship"]
[Site "Holiday Inn Peterborough - West"]
[Date "2024.03.03"]
[Round "9.1"]
[White "Willow, Jonah B"]
[Black "Davtyan, Artur"]
[Result "1/2-1/2"]
[WhiteFideId "438804"]
[BlackFideId "13308327"]
[WhiteElo "2295"]
[BlackElo "2416"]
[EventDate "2024.03.02"]

1. e4 e5 2. Nf3 Nc6 3. Bb5 a6 4. Ba4 Nf6 5. O-O Be7 6. d3 b5 7. Bb3 d6 8. a3 O-O
9. Nc3 Na5 10. Ba2 c5 11. Bg5 Be6 12. Bxf6 Bxf6 13. Nd5 g6 14. Qd2 Nc6 15. c3 Bg4
16. Ne1 Bg5 17. Ne3 Be6 18. g3 Bxa2 19. Rxa2 Bxe3 20. Qxe3 f5 21. f4 fxe4 22. dxe4
exf4 23. gxf4 Qe7 24. b4 Rae8 25. Re2 d5 26. e5 c4 27. Nc2 Qf7 28. Ref2 Ne7 29. Nd4
Nf5 30. Nxf5 Qxf5 31. Qd4 Qe6 32. Rd2 Rd8 33. Kh1 Rf5 34. Rdf2 Rd7 35. Rf3 Rdf7 36.
R3f2 h6 37. Rd1 Rd7 38. Qc5 Kh7 39. Qd4 Rff7 40. Qe3 Rf5 41. Qd4 Qc6 42. Re1 Qe6
1/2-1/2